[Event "Berliner Sommer"]
[Site "Berlin"]
[Date "1996.??.??"]
[Round "3"]
[White "Freitag, Roland"]
[Black "Nisipeanu, Liviu Dieter"]
[Result "0-1"]
[WhiteElo "2240"]
[BlackElo "2500"]

1.e4 c5 2.Nf3 d6 3.d4 cxd4 4.Nxd4 Nf6 5.Nc3 a6 6.a4 e6 7.Be2 Nc6 8.Be3 Be7
9.O-O O-O 10.f4 Qc7 11.Bf3 Re8 12.Kh1 Rb8 13.g4 Bf8 14.g5 Nd7 15.Bg2 Nxd4
16.Bxd4 b6 17.Qh5 g6 18.Qh3 Qc4 19.Rad1 e5 20.b3 Qc6 21.fxe5 Nxe5 22.Qg3 Bg7
23.Rf2 Be6 24.Rfd2 Rbc8 25.Ne2 Bg4 26.Qf2 b5 27.axb5 axb5 28.Rf1 Bxe2 29.Rxe2 Qc7
30.c3 Nd3 31.Qf3 Ne5 32.Qf2 Qe7 33.Qg3 Rc7 34.Ra1 Qe6 35.Ra6 Qxb3 36.Rxd6 b4
37.Rb6 Qc4 38.Re3 bxc3 39.Bxc3 Ng4 40.Qxg4 Qc5 41.Qg3 Qxb6 42.Bxg7 Rc1+ 43.Re1 Rxe1+
44.Qxe1 Kxg7 45.Qc3+ Kg8 46.h3 Qf2 47.Kh2 Rxe4 48.Qc8+ Kg7 49.Qc3+ Qd4  0-1

[Event "Berliner Sommer"]
[Site "Berlin"]
[Date "1996.??.??"]
[Round "4"]
[White "Nisipeanu, Liviu Dieter"]
[Black "Illner, Achim"]
[Result "1-0"]
[WhiteElo "2500"]
[BlackElo "2355"]

1.d4 f5 2.g3 Nf6 3.Bg2 g6 4.c3 Bg7 5.Nh3 Nc6 6.Nf4 e5 7.dxe5 Nxe5 8.h4 c6
9.h5 g5 10.h6 Bf8 11.Nh3 g4 12.Nf4 d5 13.Qc2 Bd6 14.Be3 Qe7 15.Nd2 O-O 16.c4 Be6
17.cxd5 cxd5 18.Qb3 Rf7 19.O-O Ng6 20.Nxe6 Qxe6 21.Bd4 Ne4 22.Rad1 Re8 23.Bxa7 b6
24.Nxe4 dxe4 25.Qxe6 Rxe6 26.Bxb6 Bxg3 27.Rd8+ Nf8 28.fxg3 Rxb6 29.b3 Rxh6
30.Rd5 Ra6 31.Rdxf5 Rxf5 32.Rxf5 Rxa2 33.Bxe4 Kg7 34.Bd5 Ng6 35.Bc4  1-0

[Event "Berliner Sommer"]
[Site "Berlin"]
[Date "1996.??.??"]
[Round "5"]
[White "Rashkovsky, Nukhim N"]
[Black "Nisipeanu, Liviu Dieter"]
[Result "1-0"]
[WhiteElo "2530"]
[BlackElo "2500"]

1.d4 Nf6 2.Nf3 e6 3.c4 b6 4.e3 Bb7 5.Bd3 c5 6.O-O g6 7.Nc3 Bg7 8.d5 exd5
9.cxd5 Nxd5 10.Nxd5 Bxd5 11.Bxg6 hxg6 12.Qxd5 Nc6 13.Rb1 Rh5 14.Qd3 d5 15.e4 Kf8
16.a3 dxe4 17.Qxe4 Qd5 18.Qxd5 Rxd5 19.Be3 a5 20.Rfc1 Rad8 21.Kf1 Rd3 22.b3 Nd4
23.Ne1 Nxb3 24.Nxd3 Rxd3 25.Rd1 Rxd1+ 26.Rxd1 b5 27.Rd5 Ke7 28.Bxc5+ Ke6
29.Rd6+ Ke5 30.Rb6 Nxc5 31.Rxb5 Kd5 32.Rxa5 Bd4 33.Ke2 Ke4 34.Ra8 Ne6 35.g3 Bc5
36.a4 Nd4+ 37.Kf1 Kf3 38.Rb8 Ke4 39.Rb7 f5 40.a5 Nc6 41.a6 Bd4 42.Ke2 Ke5
43.Rg7 Kf6 44.Rc7 Na7 45.h4 Bb6 46.Rb7 Bc5 47.f3 Bg1 48.g4 fxg4 49.fxg4 Nc6
50.Kf3  1-0

[Event "Budapest FS06 GM"]
[Site "Budapest"]
[Date "1996.??.??"]
[Round "1"]
[White "Bezgodov, Alexei"]
[Black "Nisipeanu, Liviu Dieter"]
[Result "1/2-1/2"]
[WhiteElo "2485"]
[BlackElo "2515"]

1.e4 c5 2.Nf3 d6 3.d4 cxd4 4.Nxd4 Nf6 5.Nc3 a6 6.Bg5 e6 7.f4 Qc7 8.Qf3 b5
9.Bd3 Nbd7 10.O-O-O Bb7 11.Rhe1 O-O-O 12.Qh3 b4 13.Bxf6 gxf6 14.Nce2 Nc5
15.Kb1 Kb8 16.f5 e5 17.Nb3 Nxd3 18.Qxd3 Rg8 19.g3 Rg4 20.Nec1 d5 21.exd5 Rxd5
22.Qf1 Re4 23.Rxd5 Rxe1 24.Qxe1 Bxd5 25.Nd3 Qb6 26.Nd2 Qd4 27.Nb3 Qb6 28.Nd2 Bc5
29.Nxc5 Qxc5 30.Nf1 Qc4 31.b3 Qd4 32.Ne3 a5  1/2-1/2

[Event "Budapest FS06 GM"]
[Site "Budapest"]
[Date "1996.??.??"]
[Round "4"]
[White "Nisipeanu, Liviu Dieter"]
[Black "Tseitlin, Mikhail S"]
[Result "1-0"]
[WhiteElo "2515"]
[BlackElo "2425"]

1.e4 e5 2.Nf3 Nc6 3.Bb5 f5 4.Nc3 fxe4 5.Nxe4 d5 6.Ng3 Bg4 7.h3 Bxf3 8.Qxf3 Nf6
9.Nh5 Qd6 10.Nxf6+ gxf6 11.Qh5+ Kd7 12.O-O a6 13.Be2 Nd4 14.Bg4+ Kc6 15.c3 Ne6
16.d4 Ng7 17.Qf7 h5 18.dxe5 fxe5 19.Bf3 e4 20.c4 exf3 21.Bf4 Qe7 22.Qxd5+ Kb6
23.Be3+ c5 24.b4 Rd8 25.Qxf3 Ne6 26.Rae1 Qd7 27.Qf6 Bd6 28.Rd1 Qc6 29.Rxd6 Qxd6
30.bxc5+ Nxc5 31.Rb1+ Kc6 32.Qf3+ Kd7 33.Rd1 Nd3 34.Bf4 Qg6 35.Rxd3+ Kc8
36.Rd5 Qc6 37.Qa3 Rhg8 38.Bd6 b6 39.Qxa6+ Qb7 40.Qxb7+ Kxb7 41.Bb4 h4 42.Be7 Rde8
43.Bxh4 Re4 44.Bg5 Rxc4 45.Be3 Ra8 46.Rb5 Ra6 47.g4 Kc6 48.Rf5 Rb4 49.Rf6+ Kd5
50.Kg2 Ke5 51.Rg6 Ke4 52.Kg3 Ra3 53.h4 Rb1 54.h5 b5 55.h6 Rxa2 56.Re6+ Kd5
57.h7 Ra8 58.Rh6 Rh8 59.Bg5 Rg1+ 60.Kf3  1-0

[Event "Budapest FS06 GM"]
[Site "Budapest"]
[Date "1996.??.??"]
[Round "5"]
[White "Vajda, Levente"]
[Black "Nisipeanu, Liviu Dieter"]
[Result "1/2-1/2"]
[WhiteElo "2370"]
[BlackElo "2515"]

1.e4 c6 2.d4 d5 3.exd5 cxd5 4.c4 Nf6 5.Nc3 e6 6.Nf3 Bb4 7.cxd5 Nxd5 8.Bd2 O-O
9.Bd3 Nc6 10.O-O Be7 11.Qe2 Bf6 12.Qe4 g6 13.Bh6 Re8 14.Ne5 Nde7 15.Bb5 a6
16.Nxc6 bxc6 17.Bxc6 Nxc6 18.Qxc6 Rb8 19.Ne4 Be7 20.Nc5 Rb6 21.Qa4 Rxb2 22.Rab1 Rxb1
23.Rxb1 e5 24.Rd1 Bg4 25.f3 exd4 26.Nxa6 Qd7 27.Rxd4  1/2-1/2

[Event "Budapest FS06 GM"]
[Site "Budapest"]
[Date "1996.??.??"]
[Round "6"]
[White "Nisipeanu, Liviu Dieter"]
[Black "Collas, Didier"]
[Result "0-1"]
[WhiteElo "2515"]
[BlackElo "2380"]

1.e4 c5 2.Nf3 Nc6 3.d4 cxd4 4.Nxd4 g6 5.Nc3 Bg7 6.Be3 Nf6 7.Bc4 O-O 8.Bb3 d6
9.f3 Bd7 10.Qd2 Rc8 11.h4 Ne5 12.h5 Nxh5 13.O-O-O Nc4 14.Bxc4 Rxc4 15.g4 Nf6
16.Nde2 Re8 17.Qe1 Qa5 18.Qh4 Be6 19.Bd4 Rec8 20.g5 Rxd4 21.Nxd4 Nh5 22.Qe1 Qxg5+
23.Kb1 Nf4 24.Nxe6 fxe6 25.Qh4 Qxh4 26.Rxh4 g5 27.Rg4 Bxc3 28.bxc3 h6 29.e5 d5
30.Kb2 Kf7 31.Rd4 Ng6 32.Rg2 Nxe5 33.f4 Nc6 34.Rdd2 gxf4 35.Rg4 e5 36.Rxd5 Ke6
37.Rd1 Kf5 38.Rh4 e4 39.Rh5+ Kg6 40.Rdh1 Rh8  0-1

[Event "Budapest FS06 GM"]
[Site "Budapest"]
[Date "1996.??.??"]
[Round "8"]
[White "Nisipeanu, Liviu Dieter"]
[Black "Breyther, Ruediger"]
[Result "1-0"]
[WhiteElo "2515"]
[BlackElo "2420"]

1.e4 c5 2.Nf3 e6 3.Nc3 d6 4.d4 cxd4 5.Nxd4 Nf6 6.Be2 Be7 7.O-O a6 8.a4 Nc6
9.Be3 Qc7 10.Kh1 O-O 11.f4 Re8 12.Bf3 Nxd4 13.Qxd4 e5 14.Qd2 exf4 15.Bxf4 Be6
16.Rad1 Rad8 17.Qf2 Nd7 18.Nd5 Bxd5 19.Rxd5 Ne5 20.Rfd1 Bf6 21.c3 Re6 22.Qc2 Rde8
23.Qb3 Nc4 24.Qb4 Be5 25.Bxe5 Rxe5 26.Rxe5 dxe5 27.Be2 Na5 28.Qd6 Qxd6 29.Rxd6 Rc8
30.Bg4 Rb8 31.Rd7 Kf8 32.Kg1 b5 33.axb5 axb5 34.b4 Nc4 35.Kf2 Ra8 36.Rd5 Ra2+
37.Be2 Nd2 38.Rxe5 f6 39.Rxb5 Nxe4+ 40.Kf3 Nxc3 41.Rb8+ Ke7 42.Bc4 Ra3 43.Rb7+ Kd6
44.Kf4 Nd5+ 45.Bxd5 Kxd5 46.Rxg7 Ra2 47.b5 Kc5 48.Kg3 Kxb5 49.Rxh7 Kc5 50.Rd7  1-0

[Event "Budapest FS06 GM"]
[Site "Budapest"]
[Date "1996.??.??"]
[Round "9"]
[White "Pinski, Jan"]
[Black "Nisipeanu, Liviu Dieter"]
[Result "0-1"]
[WhiteElo "2320"]
[BlackElo "2515"]

1.e4 c5 2.Nf3 e6 3.d4 cxd4 4.Nxd4 Nf6 5.Nc3 d6 6.Be3 a6 7.g4 b5 8.g5 Nfd7
9.h4 Bb7 10.a3 Nb6 11.Qh5 g6 12.Qg4 e5 13.Nf3 N8d7 14.h5 Rg8 15.O-O-O Rc8
16.hxg6 hxg6 17.Nd5 Nxd5 18.exd5 Qc7 19.c3 Nb6 20.Bxb6 Qxb6 21.Rh7 Rc7 22.Qh4 Qc5
23.Qe4 Qxf2 24.Rh2 Qg3 25.Rh4 Rc8 26.Be2 Qf2 27.Rf1 Qc5 28.Nd4 Qxd4  0-1

[Event "Budapest FS06 GM"]
[Site "Budapest"]
[Date "1996.??.??"]
[Round "10"]
[White "Nisipeanu, Liviu Dieter"]
[Black "Priehoda, Vitezslav"]
[Result "1-0"]
[WhiteElo "2515"]
[BlackElo "2380"]

1.e4 e6 2.d4 d5 3.Nd2 c5 4.exd5 Qxd5 5.Ngf3 cxd4 6.Bc4 Qd8 7.O-O a6 8.Nb3 Qc7
9.Qxd4 Nc6 10.Qh4 Bd6 11.Bd2 Nge7 12.Bd3 Bd7 13.Bc3 f6 14.Qh5+ Kf8 15.Nc5 Nd5
16.Nxd7+ Qxd7 17.Bd2 Bf4 18.Rad1 Bxd2 19.Rxd2 Qf7 20.Qg4 h5 21.Qa4 g5 22.c4 Nde7
23.Be4 Qe8 24.Rc1 g4 25.Nd4 Nd8 26.Qa3 f5 27.Nb5 fxe4 28.Nc7  1-0

[Event "ROM-chT"]
[Site "Herculane"]
[Date "1996.??.??"]
[Round "?"]
[White "Tomescu, Vlad"]
[Black "Nisipeanu, Liviu Dieter"]
[Result "1/2-1/2"]
[WhiteElo "2380"]
[BlackElo "2500"]

1.e4 c6 2.d4 d5 3.exd5 cxd5 4.c4 Nf6 5.Nc3 e6 6.Nf3 Bb4 7.cxd5 Nxd5 8.Bd2 Nc6
9.Bd3 O-O 10.O-O Be7 11.a3 Bf6 12.Qc2 h6 13.Rad1 Qb6 14.Be4 Rd8 15.Bc1 Nce7
16.Ne5 Bd7 17.Rfe1 Be8 18.Qe2 Nxc3 19.bxc3 Bxe5 20.dxe5 Ng6 21.Rd6 Rxd6 22.exd6 Qxd6
23.Bxb7  1/2-1/2

[Event "ROM-chT"]
[Site "Herculane"]
[Date "1996.??.??"]
[Round "?"]
[White "Radovici, Corvin"]
[Black "Nisipeanu, Liviu Dieter"]
[Result "1/2-1/2"]
[WhiteElo "2345"]
[BlackElo "2500"]

1.e4 e5 2.Nf3 Nf6 3.Nxe5 d6 4.Nf3 Nxe4 5.d4 d5 6.Bd3 Nc6 7.O-O Be7 8.c4 Nf6
9.cxd5 Nxd5 10.h3 O-O 11.Nc3 Be6 12.a3 Qd7 13.Qc2 h6 14.Be3 a6 15.Rad1 Rad8
16.Ne4 Nxe3 17.fxe3 Bd6 18.Nc3 Ne7 19.e4 c6 20.Na4 Kh8 21.b4 Qc8 22.Nc5 Bf4
23.Qf2 Bd6 24.Qc2 Bf4 25.Kh1 Bd6  1/2-1/2

[Event "ROM-chT"]
[Site "Herculane"]
[Date "1996.??.??"]
[Round "?"]
[White "Foisor, Ovidiu"]
[Black "Nisipeanu, Liviu Dieter"]
[Result "1/2-1/2"]
[WhiteElo "2455"]
[BlackElo "2500"]

1.Nf3 Nf6 2.g3 b5 3.Bg2 Bb7 4.O-O e6 5.b3 b4 6.a3 a5 7.axb4 axb4 8.Rxa8 Bxa8
9.Bb2 Be7 10.d3 O-O 11.e4 d5 12.Nbd2 dxe4 13.Ne5 Nbd7  1/2-1/2

[Event "ROM-ch"]
[Site "Herculane"]
[Date "1996.??.??"]
[Round "1"]
[White "Milu, Romeo Sorin"]
[Black "Nisipeanu, Liviu Dieter"]
[Result "1/2-1/2"]
[WhiteElo "2440"]
[BlackElo "2500"]

1.e4 c6 2.d4 d5 3.Nc3 dxe4 4.Nxe4 Nf6 5.Nxf6+ gxf6 6.c3 Bf5 7.Nf3 Nd7 8.g3 e6
9.Bg2 Be4 10.O-O Qb6 11.Re1 Bd5 12.b3 O-O-O 13.Be3 c5 14.c4 Be4 15.Bd2 Bg6  1/2-1/2

[Event "ROM-ch"]
[Site "Herculane"]
[Date "1996.??.??"]
[Round "2"]
[White "Nisipeanu, Liviu Dieter"]
[Black "Ardeleanu, Alin"]
[Result "1/2-1/2"]
[WhiteElo "2500"]
[BlackElo "2420"]

1.e4 g6 2.d4 Bg7 3.Nf3 d6 4.Be2 c5 5.O-O cxd4 6.Nxd4 Nf6 7.Nc3 O-O 8.Bg5 a6
9.Kh1 h6 10.Be3 d5 11.exd5 Nxd5 12.Nxd5 Qxd5 13.Bf3 Qc4 14.c3 Nd7 15.Qb3 Ne5
16.Bd5 Qxb3 17.axb3 e6 18.Be4 f5 19.Bc2 Ng4 20.b4 Nxe3 21.fxe3 e5 22.Bb3+ Kh7
23.Ne6 Bxe6 24.Bxe6 Rad8 25.Rfd1 e4 26.Bd5 Rb8 27.Kg1 h5 28.Kf2 Be5 29.h3 Kh6
30.Bb3 Rbd8 31.Ke2 Kg5 32.Rd5 Bc7 33.Rad1 Rxd5 34.Bxd5 Rb8  1/2-1/2

[Event "ROM-ch"]
[Site "Herculane"]
[Date "1996.??.??"]
[Round "7"]
[White "Teodorescu, Florin Cornel"]
[Black "Nisipeanu, Liviu Dieter"]
[Result "0-1"]
[WhiteElo "2320"]
[BlackElo "2500"]

1.e4 c5 2.Nf3 e6 3.d4 cxd4 4.Nxd4 Nf6 5.Nc3 d6 6.Be3 a6 7.Qf3 Nbd7 8.O-O-O Qc7
9.Be2 Rb8 10.g4 b5 11.g5 Ne5 12.Qg3 Nfd7 13.f4 Nc4 14.f5 Nde5 15.g6 hxg6
16.fxe6 Bxe6 17.Nxe6 fxe6 18.Bd4 Rh6 19.Rhf1 Be7 20.Bxc4 bxc4 21.Be3 Rh5
22.Bf4 Qb6 23.b3 Qc5 24.Bxe5 Qxe5 25.Qxe5 Rxe5 26.Rd4 cxb3 27.axb3 Rc5 28.Na4 Rh5
29.Rf2 Bg5+  0-1

[Event "ROM-ch"]
[Site "Herculane"]
[Date "1996.??.??"]
[Round "8"]
[White "Nisipeanu, Liviu Dieter"]
[Black "Marin, Mihail"]
[Result "1-0"]
[WhiteElo "2500"]
[BlackElo "2530"]

1.e4 d6 2.d4 Nf6 3.Nc3 g6 4.Nf3 Bg7 5.Be2 O-O 6.O-O c6 7.a4 Nbd7 8.Be3 e5
9.dxe5 Nxe5 10.Nxe5 dxe5 11.Qxd8 Rxd8 12.Rfd1 Rxd1+ 13.Rxd1 Be6 14.a5 Kf8
15.f3 Nd7 16.Na4 Bf6 17.Bc4 Ke8 18.Bxe6 fxe6 19.Rd3 Bd8 20.Rb3 b5 21.axb6 axb6
22.Nxb6 Bxb6 23.Bxb6 c5 24.Bc7 Ra7 25.Bd6 Ra6 26.Rd3 Ra1+ 27.Kf2 Ra2 28.Rc3 Rxb2
29.Bxc5 Nxc5 30.Rxc5 Kd7 31.Kg3 Kd6 32.Rc8 Rb4 33.Kg4  1-0

[Event "ROM-ch"]
[Site "Herculane"]
[Date "1996.??.??"]
[Round "11"]
[White "Mateuta, Gabriel"]
[Black "Nisipeanu, Liviu Dieter"]
[Result "0-1"]
[WhiteElo "2265"]
[BlackElo "2500"]

1.d4 Nf6 2.Nf3 e6 3.c4 b6 4.Nc3 Bb4 5.Bg5 Bb7 6.e3 h6 7.Bh4 Bxc3+ 8.bxc3 d6
9.Bd3 Qe7 10.O-O g5 11.Bg3 Nbd7 12.Nd2 h5 13.f4 h4 14.Be1 gxf4 15.Rxf4 e5
16.Rf2 O-O-O 17.Bf5 Rdg8 18.d5 Kb8 19.e4 Nh5 20.Qf3 a5 21.Nb1 Nc5 22.Na3 Nf4
23.Bd2 Ncd3 24.Bxf4 Nxf4 25.Nb5 Rh5 26.Rb1 Rhg5 27.Rbb2 Ba6 28.Rfd2 Bxb5
29.cxb5 Qf6 30.Kf1 Qh6 31.Ke1 Qg7 32.Kf1 Ng6 33.Rf2 Nf4 34.Rfd2 Qh6 35.Ke1 R5g7
36.Rbc2 Ka7 37.a4 Qg5 38.Kf1 Qf6 39.Rf2 Rg5 40.Bh3 Qh6 41.Qe3 Qh5 42.Rcd2 Kb8
43.Qf3 Qh7 44.Bf5 Qh6 45.Ke1 Qg7 46.Kf1 Rh8 47.Ke1 Rh6 48.Kd1 Rhh5 49.Ke1 Rxf5
50.exf5 Rxf5 51.Qe4 Rg5 52.Kd1 f5 53.Qf3 Rg4 54.Kc2 e4 55.Qxf4 Rxf4 56.Rxf4 Qg5
57.g3 hxg3 58.hxg3 Qxg3 59.Rxf5 e3 60.Re2 Qg6  0-1

[Event "ROM-ch"]
[Site "Herculane"]
[Date "1996.??.??"]
[Round "12"]
[White "Nisipeanu, Liviu Dieter"]
[Black "Dumitrache, Dragos"]
[Result "1-0"]
[WhiteElo "2500"]
[BlackElo "2495"]

1.e4 e5 2.Nf3 Nc6 3.Bb5 a6 4.Ba4 Nf6 5.O-O Nxe4 6.d4 exd4 7.Re1 d5 8.Nxd4 Bd6
9.Nxc6 Bxh2+ 10.Kh1 Qh4 11.Rxe4+ dxe4 12.Qd8+ Qxd8 13.Nxd8+ Kxd8 14.Kxh2 Be6
15.Be3 f5 16.Nc3 Ke7 17.Bb3 Kf7 18.g4 g6 19.g5 Rad8 20.Ne2 Rd7 21.c4 b5 22.Rc1 Rhd8
23.Nf4 Bxc4 24.Bxc4+ bxc4 25.Rxc4 Rb8 26.b3 Rb7 27.Ne2 Ke8 28.Nc3 Kd8 29.Kg2 Rb8
30.Bf4 Kc8 31.Na4 Rf7 32.Rc6 Rb5 33.Rxa6 Kd7 34.a3  1-0

[Event "ROM-ch"]
[Site "Herculane"]
[Date "1996.??.??"]
[Round "13"]
[White "Nevednichy, Vladislav"]
[Black "Nisipeanu, Liviu Dieter"]
[Result "1/2-1/2"]
[WhiteElo "2525"]
[BlackElo "2500"]

1.e4 c6 2.c4 d5 3.cxd5 cxd5 4.exd5 Nf6 5.Nc3 Nxd5 6.Nf3 Nc6 7.Bb5 e6 8.O-O Be7
9.Ne5 Bd7 10.Bxc6 Bxc6 11.Nxc6  1/2-1/2

[Event "ROM-ch"]
[Site "Herculane"]
[Date "1996.??.??"]
[Round "15"]
[White "Badea, Bela"]
[Black "Nisipeanu, Liviu Dieter"]
[Result "1/2-1/2"]
[WhiteElo "2525"]
[BlackElo "2500"]

1.Nf3 Nf6 2.c4 b6 3.g3 Bb7 4.Bg2 e6 5.O-O c5 6.Nc3 Be7 7.d3 O-O 8.e4 d6 9.Ne1 Nc6
10.f4 Nd7  1/2-1/2

[Event "Wch U20"]
[Site "Medellin"]
[Date "1996.??.??"]
[Round "2"]
[White "Kalod, Radek"]
[Black "Nisipeanu, Liviu Dieter"]
[Result "1/2-1/2"]
[WhiteElo "2380"]
[BlackElo "2500"]

1.e4 c6 2.d4 d5 3.exd5 cxd5 4.c4 Nf6 5.Nc3 e6 6.Nf3 Bb4 7.cxd5 Nxd5 8.Qb3 Nc6
9.Bd3 Qb6 10.Bd2 O-O 11.O-O Nf6 12.Be3 Be7 13.Qxb6 axb6 14.a3 Nd5 15.Nxd5 exd5
16.Rac1 Bf6 17.Rc2 Bg4 18.Ne5 Nxe5 19.dxe5 Bxe5 20.h3 Be6 21.f4 d4 22.fxe5 dxe3
23.Re1 Rac8 24.Rxe3 Rc5 25.b4 Rxc2 26.Bxc2 Bd5 27.Be4 Bxe4 28.Rxe4 Re8 29.Rd4 Kf8
30.Rd7 Rxe5 31.Rxb7 b5 32.Kf2 g5 33.Ra7 Kg7 34.Ra5 f6 35.a4 bxa4 36.Rxa4 Re4
37.Ra7+  1/2-1/2

[Event "Wch U20"]
[Site "Medellin"]
[Date "1996.??.??"]
[Round "4"]
[White "Kulaots, Kaido"]
[Black "Nisipeanu, Liviu Dieter"]
[Result "0-1"]
[WhiteElo "2405"]
[BlackElo "2500"]

1.e4 c5 2.Nf3 d6 3.d4 cxd4 4.Nxd4 Nf6 5.Nc3 a6 6.Bc4 e6 7.O-O b5 8.Bb3 Be7
9.f4 O-O 10.e5 dxe5 11.fxe5 Nfd7 12.Be3 Nxe5 13.Qh5 Nbc6 14.Nxc6 Nxc6 15.Rf3 Qd6
16.Rh3 h6 17.Rg3 Qe5 18.Qf3 Bc5 19.Bxc5 Qxc5+ 20.Kh1 f5 21.Re1 Ra7 22.Qf4 Kh8
23.Bxe6 Re7 24.Rg6 Nd4  0-1

[Event "Wch U20"]
[Site "Medellin"]
[Date "1996.??.??"]
[Round "6"]
[White "Shariyazdanov, Andrey"]
[Black "Nisipeanu, Liviu Dieter"]
[Result "1/2-1/2"]
[WhiteElo "2470"]
[BlackElo "2500"]

1.d4 Nf6 2.Nf3 e6 3.c4 b6 4.Nc3 Bb7 5.a3 d5 6.Qc2 c5 7.cxd5 cxd4 8.Qa4+ Nbd7
9.Nxd4 Nxd5 10.Nxd5 Bxd5 11.e4 Bb7 12.Be3 a6  1/2-1/2

[Event "Wch U20"]
[Site "Medellin"]
[Date "1996.??.??"]
[Round "7"]
[White "Nisipeanu, Liviu Dieter"]
[Black "Fridman, Daniel"]
[Result "1/2-1/2"]
[WhiteElo "2500"]
[BlackElo "2500"]

1.e4 d5 2.exd5 Nf6 3.d4 Nxd5 4.c4 Nb6 5.Nf3 g6 6.Nc3 Bg7 7.c5 Nd5 8.Bc4 c6
9.Qb3 O-O 10.O-O Nxc3 11.bxc3 b5 12.cxb6 axb6 13.Re1 e6 14.Bf4 Ba6 15.a4 Bxc4
16.Qxc4 Qd5 17.Qb4 Qa5 18.Bd6 Rc8 19.Ne5 Qxb4 20.cxb4 Bf8 21.Bxb8 Raxb8 22.Rec1 c5
23.Nd7 Rb7 24.Nxf8 c4 25.Nxe6 fxe6 26.a5 b5 27.Rc3 Rd7 28.Rd1 Rcd8 29.Kf1 Rd5
30.Re1 Rxd4 31.Rxe6 Rd1+ 32.Re1 R1d2 33.Re2 Rd1+ 34.Re1 R1d2  1/2-1/2

[Event "Wch U20"]
[Site "Medellin"]
[Date "1996.??.??"]
[Round "9"]
[White "Nisipeanu, Liviu Dieter"]
[Black "Escobar Forero, Alder"]
[Result "1-0"]
[WhiteElo "2500"]
[BlackElo "2335"]

1.Nf3 Nf6 2.c4 g6 3.g3 Bg7 4.Bg2 d6 5.O-O O-O 6.Nc3 e5 7.d3 Nc6 8.Rb1 Re8
9.Bg5 h6 10.Bxf6 Bxf6 11.b4 Bg4 12.Nd2 Rb8 13.b5 Nd4 14.h3 Bd7 15.e3 Ne6
16.Nb3 Bg7 17.Na5 Qc8 18.Nc6 Ra8 19.Nb4 f5 20.a4 e4 21.Qc2 Ng5 22.Nbd5 exd3
23.Qxd3 Ne6 24.Nf4 Nxf4 25.gxf4 c6 26.Rbc1 Re6 27.a5 Qe8 28.Ne2 a6 29.bxc6 bxc6
30.Rb1 g5 31.Rb7 Rg6 32.fxg5 hxg5 33.Ng3 Rf6 34.Nh5 Qxh5 35.Rxd7 g4 36.hxg4 Qxg4
37.Rxd6 Raf8 38.Rxc6 Rxc6 39.Qd5+ Kh8 40.Qxc6 f4 41.Qf3 Qxf3 42.Bxf3 fxe3
43.fxe3 Bc3 44.Kf2 Bxa5 45.Ra1 Rf5 46.Ke2 Re5 47.Bd5 Bb6 48.e4 a5 49.Rb1 Bc7
50.Kd3 Kg7 51.c5 Kf6 52.Kd4 Rg5 53.Rf1+ Ke7 54.Rf7+ Kd8 55.Be6 Be5+ 56.Kd5 Bb2+
57.Bf5 Rg7 58.Rf8+ Ke7 59.Ra8 Bc3 60.e5 Rg1 61.Ra7+ Kf8 62.c6 Rd1+ 63.Ke6 Rd8
64.c7 Re8+ 65.Kd5 Rxe5+ 66.Kd6  1-0

[Event "Wch U20"]
[Site "Medellin"]
[Date "1996.??.??"]
[Round "10"]
[White "Wu Wenjin"]
[Black "Nisipeanu, Liviu Dieter"]
[Result "1/2-1/2"]
[WhiteElo "2230"]
[BlackElo "2500"]

1.e4 e5 2.Nf3 Nc6 3.Bb5 a6 4.Ba4 Nf6 5.O-O b5 6.Bb3 Bc5 7.Nxe5 Nxe5 8.d4 Bxd4
9.Qxd4 d6 10.f4 Nc6 11.Qc3 Ne7 12.e5 Ne4 13.Qf3 Bb7 14.Nc3 Nc5 15.Qg4 Nxb3
16.axb3 Qc8 17.Qh5 Qf5 18.Qe2 dxe5 19.fxe5 Qg6 20.Bf4 O-O 21.e6 fxe6 22.Rae1 b4
23.Na4 Nf5 24.Qxe6+ Qxe6 25.Rxe6 Nd4 26.Re7 Rae8 27.Rxe8 Rxe8 28.Nc5 Bc6
29.Bxc7 Nxc2 30.h3 Bb5 31.Rf2 Re1+ 32.Kh2 Ne3 33.Kg3 h6 34.Ba5 Nf1+ 35.Kf4 g5+
36.Kf5 Kf7 37.h4 gxh4 38.Bxb4 Re8 39.Kg4+ Kg6 40.Kxh4 Re5 41.g4 h5 42.Rf5 Rxf5
43.gxf5+ Kxf5  1/2-1/2

[Event "Wch U20"]
[Site "Medellin"]
[Date "1996.??.??"]
[Round "12"]
[White "Nisipeanu, Liviu Dieter"]
[Black "Iordachescu, Viorel"]
[Result "1/2-1/2"]
[WhiteElo "2500"]
[BlackElo "2460"]

1.e4 g6 2.d4 Bg7 3.Nf3 d6 4.Be2 Nf6 5.Nc3 O-O 6.O-O c6 7.a4 Nbd7 8.a5 Qc7
9.Be3 Rb8 10.d5 a6 11.Ra2 b5 12.axb6 Nxb6 13.dxc6 Qxc6 14.Bxa6  1/2-1/2

[Event "Wch U20"]
[Site "Medellin"]
[Date "1996.??.??"]
[Round "13"]
[White "Gyimesi, Zoltan"]
[Black "Nisipeanu, Liviu Dieter"]
[Result "1/2-1/2"]
[WhiteElo "2480"]
[BlackElo "2500"]

1.d4 Nf6 2.c4 c5 3.d5 b5 4.cxb5 a6 5.bxa6 g6 6.Nc3 Bxa6 7.e4 Bxf1 8.Kxf1 d6
9.Nf3 Bg7 10.g3 O-O 11.Kg2 Nbd7 12.Re1 Ng4 13.Nd2 Nge5 14.Qe2 Nb6 15.f4 Ned7
16.a4 Ra7 17.a5 Qa8 18.Qb5 Nc8 19.Qa4 Nb8 20.Nc4 Rb7 21.Bd2 Qa6 22.b3 Na7
23.Rab1 Nb5 24.Nxb5 Rxb5 25.Na3 Rb7 26.Qc4 Rc8 27.Rec1 Rcc7 28.Kf3 h5 29.h3 Qa8
30.Nb5 Rc8 31.Na3 Nd7 32.b4 f5 33.exf5 gxf5 34.b5 Rbb8 35.Nc2 e6 36.b6 exd5
37.Qb5 Rb7 38.a6 d4 39.Kf2 Nf6 40.axb7 Qxb7 41.Kg1 h4 42.Ra1 Rb8 43.Ra7 Qxb6
44.Qxb6 Rxb6 45.Nxd4 cxd4 46.gxh4 Rb2 47.Be1 Nh5 48.Bf2 Rd2 49.Rc8+  1/2-1/2

[Event "Yerevan ol (Men)"]
[Site "Yerevan"]
[Date "1996.??.??"]
[Round "6"]
[White "Nisipeanu, Liviu Dieter"]
[Black "Hillarp Persson, Tiger"]
[Result "1-0"]
[WhiteElo "2500"]
[BlackElo "2400"]

1.e4 g6 2.d4 Bg7 3.Nf3 d6 4.Be2 Nf6 5.Nc3 O-O 6.O-O a6 7.a4 b6 8.e5 Nfd7
9.Re1 dxe5 10.dxe5 Nc5 11.Be3 Nbd7 12.Bc4 Rb8 13.Qe2 e6 14.Bg5 Qe8 15.b4 Nxa4
16.Rxa4 b5 17.Ra5 bxc4 18.Ne4 Rb5 19.Nf6+ Nxf6 20.exf6 Bh8 21.Bh6 Bxf6 22.Bxf8 Qxf8
23.Qxc4 Rxb4 24.Qd3 Qd6 25.Ne5 Bb7 26.h3 Kg7 27.Qc3 Rf4 28.Re3 Rd4 29.Rd3 Rd5
30.Raxd5 exd5 31.f4 c5 32.Qb2 Ba8 33.Ra3 d4 34.Qa2 Bxe5 35.Rxa6 Qc7 36.Ra7 Bb7
37.Qb3 Bxf4 38.Qxb7 Be3+ 39.Kf1 Qf4+ 40.Qf3 Qxf3+ 41.gxf3 c4 42.Ke2 c3 43.Kd3 g5
44.Ra6 h5 45.Ke4 f5+ 46.Kxf5 d3 47.Ra2 dxc2 48.Rxc2 Bd2 49.Ra2 Kf7 50.Ra7+ Ke8
51.Ke6 Kd8 52.Ra8+ Kc7 53.Ra4 Kb7 54.Rc4 Kb6 55.Kd5 Kb5 56.Kd4 Kb6 57.Kd3 h4
58.Kc2 Kb5 59.Kb3 Kb6 60.Ka4 Be1 61.f4 g4 62.f5 gxh3 63.f6 h2 64.f7 h1=Q
65.f8=Q Bg3 66.Rb4+ Kc7 67.Qe7+ Kc8 68.Qe8+ Kc7 69.Qb8+ Kd7 70.Rb7+ Kc6 71.Qe8+ Kd5
72.Rd7+ Kc5 73.Qe3+ Kc6 74.Qe6+ Kc5 75.Qf5+  1-0

[Event "Yerevan ol (Men)"]
[Site "Yerevan"]
[Date "1996.??.??"]
[Round "10"]
[White "Nedev, Trajce"]
[Black "Nisipeanu, Liviu Dieter"]
[Result "1-0"]
[WhiteElo "2415"]
[BlackElo "2500"]

1.e4 c6 2.d4 d5 3.Nc3 dxe4 4.Nxe4 Nd7 5.Ng5 Ngf6 6.Bd3 e6 7.N1f3 Bd6 8.Qe2 h6
9.Ne4 Nxe4 10.Qxe4 Nf6 11.Qe2 Qc7 12.Bd2 b6 13.O-O-O Bb7 14.Ne5 c5 15.Bb5+ Ke7
16.dxc5 Qxc5 17.a3 Nd5 18.Kb1 Qc7 19.f4 Rhd8 20.Bd3 Kf8 21.c4 Nf6 22.Rhf1 Kg8
23.Bc3 Bxe5 24.Bxe5 Qe7 25.Ka1 Nd7 26.Bd6 Qf6 27.g4 Nc5 28.Bc2 Qh4 29.b4 Qh3
30.Kb2 Na6 31.g5 Nb8 32.g6 Nc6 33.gxf7+ Kxf7 34.f5 e5 35.f6 gxf6 36.Qe4  1-0

[Event "Bayern-chI Bank Hofmann"]
[Site "Bad Wiessee"]
[Date "1997.11.16"]
[Round "2"]
[White "Gabriel, Josef"]
[Black "Nisipeanu, Liviu Dieter"]
[Result "0-1"]
[WhiteElo "2160"]
[BlackElo "2600"]

1.c4 Nf6 2.g3 g6 3.Bg2 Bg7 4.Nc3 O-O 5.e3 c5 6.Nge2 Nc6 7.O-O d6 8.b3 Bf5
9.d3 Qd7 10.Bb2 Bh3 11.e4 Bxg2 12.Kxg2 e6 13.Qc2 a6 14.Rad1 b5 15.Qb1 Qb7
16.Qa1 Nd4 17.Nxd4 cxd4 18.Nb1 e5 19.Ba3 b4 20.Bc1 Nd7 21.Qb2 Nc5 22.Qe2 f5
23.f3 a5 24.exf5 gxf5 25.Bg5 e4 26.dxe4 fxe4 27.Bf4 Rxf4 28.gxf4 e3 29.Kh1 Ne6
30.c5 Nxf4 31.Qc4+ Qd5 32.cxd6 e2 33.Nd2 exd1=R 34.Rxd1 Kh8 35.Ne4 Qh5 36.Rf1 Qh3
37.Rf2 Rc8 38.Nc5 Nd3 39.Qxd3 Rxc5 40.Rf1 Rc2  0-1

[Event "Bayern-chI Bank Hofmann"]
[Site "Bad Wiessee"]
[Date "1997.11.20"]
[Round "5"]
[White "Nisipeanu, Liviu Dieter"]
[Black "Kachiani Gersinska, Ketino"]
[Result "1/2-1/2"]
[WhiteElo "2600"]
[BlackElo "2415"]

1.e4 c6 2.d4 d5 3.e5 c5 4.dxc5 e6 5.Be3 Nh6 6.c3 Nf5 7.Bd4 Nxd4 8.cxd4 b6
9.Bb5+ Bd7 10.Bxd7+ Qxd7 11.cxb6 axb6 12.Ne2 Bb4+ 13.Nbc3 Nc6 14.O-O O-O
15.Qd3 f6 16.f4 Be7 17.a4 f5 18.Nb5 Rfc8 19.Rfc1 Na5 20.b3 h5 21.g3 Kf7 22.h4 g6
23.Rxc8 Rxc8 24.Rc1 Rxc1+ 25.Nxc1 Qc6 26.Na2 Ke8 27.Kf2 Kd7 28.Ke2 Qc8 29.Kd1 Nc6
30.Qc3 Qa8 31.Kc2 Qa6 32.Kb2 Bf8 33.Qc2 Qa5 34.Qc3 Qa6 35.Nd6 Qe2+ 36.Ka3 Bxd6+
37.exd6 Kxd6 38.Nb4 Nxb4 39.Qxb4+ Kc6 40.Qc3+ Kd7 41.b4 b5 42.axb5 Qxb5 43.Qc5 Qd3+
44.Ka4 Qxg3 45.Qa7+ Kc8 46.Qa6+ Kd7 47.Qb7+ Kd8 48.Qb8+ Kd7 49.b5 Qe3 50.Qa7+ Kd8
51.Qc5 Qxf4 52.b6 Kd7 53.Ka5 Qb8 54.Qb5+ Kd6 55.b7 f4 56.Kb6 f3 57.Qb4+ Kd7
58.Qa4+ Ke7 59.Qa3+ Kd7 60.Qa4+ Ke7 61.Qa3+ Kd7 62.Qxf3 Qc7+ 63.Ka6 Qc4+
64.Ka7 Qxd4+ 65.Ka8 Qa1+ 66.Kb8  1/2-1/2